| 000 | 00675nam a2200205Ia 4500 | ||
|---|---|---|---|
| 003 | GCL | ||
| 008 | 140319s9999 xx 000 0 ara d | ||
| 040 |
_aGCL / _cGCL |
||
| 082 | 0 | 4 |
_a246 _bى ع |
| 100 | 1 | _aيوسف كمال | |
| 245 | 1 | 0 |
_aالعصريون: معتزلة اليوم / _cيوسف كمال |
| 260 |
_a[S.N] : _bدار الوفاء للطباعة والنشر والتوزيع ، _c1986 |
||
| 300 | _a132 ص | ||
| 490 |
_aنحو عقلية اسلامية واعية _v0 |
||
| 650 | 0 | 4 | _aالتاريخ الاسلامى |
| 650 | 0 | 4 | _aالفقه الاسلامى |
| 650 | 0 | 4 | _aالفرق الاسلامية |
| 650 | 0 | 4 | _aالمعتزلة |
| 942 |
_2ddc _cBK |
||
| 999 |
_c53014 _d53014 |
||